| 000 | 00000nas##2200000za#4500 |
|---|---|
| 001 | 9.505203 |
| 003 | CaOODSP |
| 005 | 20200325101333 |
| 007 | cr ||||||||||| |
| 008 | 150406c2007||||xxc|| p o||||f| |0eng|d |
| 040 | |aCaOODSP|beng |
| 043 | |an-cn--- |
| 086 | 1 |aRC21-1E-PDF |
| 110 | 1 |aCanada.|bIndian Claims Commission. |
| 245 | 10|aLandmark |h[electronic resource] |
| 260 | |aOttawa - Ontario : |bIndian Claims Commission |
| 310 | |aIrregular |
| 690 | 07|aIndigenous peoples|2gcpds |
| 690 | 07|aLand claims|2gcpds |
| 775 | 08|tJalons |w(CaOODSP)9.501602 |
| 776 | 0#|tLandmark |w(CaOODSP)9.508642 |
| 776 | 0#|tJalons |w(CaOODSP)9.508643 |